| 000 | 01197nam2a2200241 4500 | ||
|---|---|---|---|
| 001 | RU\NLR\BIBL_A\012362980 | ||
| 005 | 20250624020728.0 | ||
| 035 | _a(NLR Aleph) 012362980 | ||
| 090 |
_a11536288 _c11536288 |
||
| 100 | _a20200924d1938 |||y0rusy50 ca | ||
| 101 | 0 | _aady | |
| 102 | _aRU | ||
| 105 | _ay j 000 y | ||
| 200 | 0 |
_aЧ. 3 _eя 3-рэ ыкIи я 4-рэ классхэм пае |
|
| 205 |
_aя 5-рэ тедз. _bзэгъэффэжьыгъэу |
||
| 210 |
_d1938 _aБ. м. |
||
| 215 | _a68,[1] с. | ||
| 461 | 0 |
_1001RU\NLR\BIBL_A\012362131 _12001#$aАрифметикэ учебник$eшкол ублапIэм пае$fН. С. Попова$vЧ. 3 _1700#1$aПопова$bН. С.$cпедагог-математик$f1885-1975$gНаталья Сергеевна$4070$3RU\NLR\AUTH\770198576 _911532613 _aПопова, Н. С. (педагог-математик ; 1885-1975) _cМыекъуапэ _d1938 _fН. С. Попова _nАдыгэ хэкум инац. изд-в _oшкол ублапIэм пае _tАрифметикэ учебник _vЧ. 3 |
|
| 852 |
_aNLR _bОНЛ _jАдыг./3-430 |
||
| 852 |
_aNLR _bОНЛ _jАдыг./3-430 |
||
| 942 | _cBOOK | ||
| 980 | _aNB | ||